Statistiken für Geographie nach Buchstaben - Q

Klicken Sie hier um das Quiz zu spielen!

Allgemein

  • Dieses Quiz wurde 151 mal gespielt
  • Das Durchschnittsergebnis liegt bei 7 aus 17

Antwortstatistiken

HinweisAntwort% Korrekt
Französischsprachige Provinz KanadasQuébec
95%
Hauptstadt von EcuadorQuito
86%
Bundesstaat AustralienQueensland
84%
Fluggesellschaft mit Sitz in Doha{Qatar} Airways
77%
Nach Feldspat das zweithäufigste Mineral der ErdkrusteQuarz
63%
Deutschlands größte Q-Town, 24.000 Einwohner in Sachsen-Anhalt{Quedlin}burg
63%
Religiöse Gruppe, die Pennsylvania gegründet hatQuäker
47%
Bevölkerungsreichste Stadt in Metro Manila{Quezon} City
33%
Währung von Guatemala, benannt für einen grünen VogelQuetzal
27%
Einst von Deutschland kontrollierte chinesische BierbrauereistadtQingdao
19%
Stadt in Massachusetts. Geburtsort von zwei Präsidenten namens AdamsQuincy
18%
3-Buchstaben-Stadt im IranQom
16%
Stadt in der Bretagne, Hauptstadt der Finistère-AbteilungQuimper
16%
Touristen- und Skiort in Neuseeland (abgebildet)Queenstown
13%
Mexikanischer Bundesstaat an der Grenze zu Belize{Quintana} Roo
12%
Obstgartenstadt Pakistans, 1,1 Millionen EinwohnerQuetta
5%
Stadt in Portugal in der Nähe von LissabonQueluz
2%

Verteilung der Resultate

Perzentil nach korrekt beantworteten Fragen

Anzahl Personen mit jedem Resultat

Ihre Resultats-Entwicklung

Sie haben dieses Quiz noch nicht gespielt